| 000 | 00538nam a22001697a 4500 | ||
|---|---|---|---|
| 003 | BD-ChCU | ||
| 005 | 20260329091704.0 | ||
| 008 | 260329b bg ||||| |||| 00| 0 ben d | ||
| 040 | _cBD-ChCU | ||
| 082 | _a327.954 THR | ||
| 100 |
_aTharoor , Shashi. _920853 |
||
| 245 |
_aReasons of State : _bPolitical development and Indias foreign policy undra Gandhi , 1966 - 1977./ _cShashi , Tharoor. |
||
| 260 |
_aNew Delhi _bVikas _cC 1982 |
||
| 300 | _axii, 438p. | ||
| 650 | 0 |
_aIndia - Politics and Government . _920855 |
|
| 942 |
_2ddc _cBK _n0 |
||
| 999 |
_c111882 _d111882 |
||